Business law: text and cases. (2nd ed.) (Record no. 77913)
[ view plain ]
| 000 -LEADER | |
|---|---|
| fixed length control field | 00881nam a2200229 a 4500 |
| 008 - FIXED-LENGTH DATA ELEMENTS--GENERAL INFORMATION | |
| fixed length control field | 120416s1981 ||||||||||||||||| || u |
| 020 ## - INTERNATIONAL STANDARD BOOK NUMBER | |
| International Standard Book Number | 0030581117 |
| 050 ## - LIBRARY OF CONGRESS CALL NUMBER | |
| Classification number | KB 115 How |
| 100 ## - MAIN ENTRY--PERSONAL NAME | |
| Personal name | Howell, Rate A |
| 245 10 - TITLE STATEMENT | |
| Title | Business law: text and cases. (2nd ed.) |
| 250 ## - EDITION STATEMENT | |
| Edition statement | 2nd ed. |
| 260 ## - PUBLICATION, DISTRIBUTION, ETC. | |
| Place of publication, distribution, etc. | Hinsdale, [Ill.] |
| Name of publisher, distributor, etc. | Dryden Press |
| Date of publication, distribution, etc. | 1981 |
| 300 ## - PHYSICAL DESCRIPTION | |
| Extent | xxii, 1075p. : ill. |
| 350 ## - | |
| -- | 0.00 |
| 500 ## - GENERAL NOTE | |
| General note | Includes indexes. |
| 650 ## - SUBJECT ADDED ENTRY--TOPICAL TERM | |
| Topical term or geographic name entry element | LAW |
| 650 ## - SUBJECT ADDED ENTRY--TOPICAL TERM | |
| Topical term or geographic name entry element | COMMERCIAL LAW--UNITED STATES--CASES |
| 700 ## - ADDED ENTRY--PERSONAL NAME | |
| Personal name | Henley, Nathaniel T |
| 700 ## - ADDED ENTRY--PERSONAL NAME | |
| Personal name | Allison, John Robert, 1948- |
| 995 ## - | |
| -- | MAIN LIBRARY OPEN ACCESS |
| -- | 0.00 |
| -- | 708168 |
| -- | CBU-MAIN LIBRARY (Kitwe) |
| -- | 2 |
| -- | 16.95 |
| -- | KB 115 How |
| -- | 2 |
| -- | OUT |
| -- | 009025 |
| -- | Main Library Open Access Collection |
| 995 ## - | |
| -- | BINDERY (DAMAGED) |
| -- | 0.00 |
| -- | 708167 |
| -- | CBU-MAIN LIBRARY (Kitwe) |
| -- | 1 |
| -- | 16.95 |
| -- | KB 115 How |
| -- | 1 |
| -- | AVAILABLE |
| -- | 009024 |
| -- | Main Library Open Access Collection |
| 999 ## - | |
| -- | 77913 |
| -- | 77913 |
| Withdrawn status | Lost status | Source of classification or shelving scheme | Damaged status | Not for loan | Permanent Location | Current Location | Shelving location | Date acquired | Total Checkouts | Full call number | Barcode | Date last seen | Copy number | Price effective from | Koha item type |
|---|---|---|---|---|---|---|---|---|---|---|---|---|---|---|---|
| CBU-MAIN LIBRARY, KITWE. | CBU-MAIN LIBRARY, KITWE. | 05/03/2023 | KB 115 How | 009025 | 05/03/2023 | 1 | 05/03/2023 | MONOGRAPH | |||||||
| CBU-MAIN LIBRARY, KITWE. | CBU-MAIN LIBRARY, KITWE. | 05/03/2023 | KB 115 How | 009024 | 05/03/2023 | 2 | 05/03/2023 | MONOGRAPH |